Od tvorby (syntézy) počítačových modelov niektorých technických systémov k výučbe i výskumu týchto systémov aplikáciou vizualizácie priebehu elektrofyzikálnych procesov počítačovým modelovaním a simuláciou /
Saved in:
| Main Author: | |
|---|---|
| Format: | Thesis Book |
| Language: | Slovak |
| Published: |
2006
|
| Tags: |
No Tags, Be the first to tag this record!
|
MARC
| LEADER | 00000ntm a22000003a 4500 | ||
|---|---|---|---|
| 001 | 0008076 | ||
| 003 | SK-STU | ||
| 005 | 20151016095227.5 | ||
| 007 | ta | ||
| 008 | 151016s2015----xo-----f-mn---000-0-slo-d | ||
| 040 | |a STU |b slo | ||
| 041 | 0 | |a slo | |
| 044 | |a xo | ||
| 100 | 1 | |a Bernát, Milan |r Z5 |4 aut | |
| 245 | 1 | 0 | |a Od tvorby (syntézy) počítačových modelov niektorých technických systémov k výučbe i výskumu týchto systémov aplikáciou vizualizácie priebehu elektrofyzikálnych procesov počítačovým modelovaním a simuláciou / |c aut. Milan Bernát |
| 260 | |c 2006 | ||
| 300 | |a 162 s.+príl. | ||
| 502 | |a Habilitačná práca (Doc.) - STU MTF v Trnave, 2006 | ||
| 996 | |b . |c M* HP-69 |l MMSKP |s P |a 0 |w 0008076_0001 | ||